Curso de finanzas, derecho financiero y tributario (Registro nro. 326)

Detalles MARC
000 -LEADER
fixed length control field 02517 a2200241 4500
001 - CONTROL NUMBER
control field 3357
005 - DATE AND TIME OF LATEST TRANSACTION
control field 20260407155428.0
008 - FIXED-LENGTH DATA ELEMENTS--GENERAL INFORMATION
fixed length control field 260407a1997 arg spa d
003 - CONTROL NUMBER IDENTIFIER
control field AR-UNSa-BCEJYS
040 ## - CATALOGING SOURCE
Original cataloging agency AR-UNSa-BCEJYS
Language of cataloging spa
Transcribing agency AR-UNSa-BCEJYS
080 ## - UNIVERSAL DECIMAL CLASSIFICATION NUMBER
Universal Decimal Classification number 336.2
Common auxiliary subdivision Ingresos públicos (Derecho tributario)
020 ## - INTERNATIONAL STANDARD BOOK NUMBER
International Standard Book Number 950-14-0935-X
041 ## - LANGUAGE CODE
Language code of text/sound track or separate title spa
100 1# - MAIN ENTRY--PERSONAL NAME
Personal name Villegas, Héctor Belisario
245 10 - TITLE STATEMENT
Title Curso de finanzas, derecho financiero y tributario
250 ## - EDITION STATEMENT
Edition statement 6a. ed.
264 #1 - PRODUCTION, PUBLICATION, DISTRIBUTION, MANUFACTURE, AND COPYRIGHT NOTICE
Place of production, publication, distribution, manufacture Buenos Aires :
Name of producer, publisher, distributor, manufacturer Depalma
Date of production, publication, distribution, manufacture, or copyright notice 1997
300 ## - PHYSICAL DESCRIPTION
Extent xl, 890 p.
Dimensions 23 cm.
505 ## - FORMATTED CONTENTS NOTE
Formatted contents note 1. Ciencia de la finanzas y actividad financiera - 2. Los gastos públicos - 3. Los recursos del estado - 4. Los tributos. El impuesto - 5. Los tributos (cont.). Las tasas. Las contribuciones especiales. Las contribuciones parafiscales - 6. Derecho financiero y derecho tributario - 7. Interpretación y aplicación de la ley tributaria - 8. Derecho constitucional tributario - 9. Derecho tributario material - 10. Derecho tributario formal - 11. Derecho penal tributario - 12. Derecho procesal tributario - 13. Derecho internacional tributario - 14. Sistema tributario - 15. Impuesto a la renta (Impuesto a las ganancias) - 16. Impuesto a los premios de determinados juegos y concursos - 17. Impuesto al mayor valor (impuesto sobre los beneficios eventuales) - 18. Impuesto sobre la transferencia de títulos-valores - 19. Impuesto al patrimonio (impuesto sobre los capitales, impuestos sobre el patrimonio neto, impuestos sobre los activos, impuestos sobre los bienes personales no incorporados al proceso económico) - 20. Impuesto al enriquecimiento patrimonial a título gratuito - 21. Impuesto inmobiliario - 22. Impuesto a la renta normal potencial de la tierra. Impuesto a la producción agropecuaria - 23. Impuestos de sellos. Impuesto de justicia - 24. Impuesto al valor agragado - 25. Impuesto al ejercicio de actividades con fines de lucro (impuesto a los ingresos brutos) - 26. Impuestos aduaneros - 27. Impuestos internos - 28. Impuestos a las inversiones extranjeras - 29. Impuestos recaudados por el sistema de percerpción en la fuente - 30. Impuesto sobre actividades financieras diversas - 31. El crédito público - 32. El presupuesto - 32. Política financiera y política fiscal o tributaria <br/>
590 ## - LOCAL NOTE (RLIN)
Local note niveau_biblio:m niveau_hierar:0
856 41 - ELECTRONIC LOCATION AND ACCESS
Uniform Resource Identifier <a href="https://biblioeco.unsa.edu.ar/pmb/images/libros/Curso de finanzas, derecho financiero y tributario2-l69990.jpg">https://biblioeco.unsa.edu.ar/pmb/images/libros/Curso de finanzas, derecho financiero y tributario2-l69990.jpg</a>
Link text Imagen de portada
Electronic format type image/jpeg
942 ## - ADDED ENTRY ELEMENTS (KOHA)
Koha item type
Existencias
Withdrawn status Lost status Damaged status Not for loan Home library Current library Shelving location Date acquired Total checkouts Full call number Barcode Date last seen Price effective from Koha item type
        Biblioteca Prof. Eusebio Cleto del Rey Biblioteca Prof. Eusebio Cleto del Rey   07/04/2026   336.2 V728 6ed. L69990 07/04/2026 07/04/2026 Libro
        Biblioteca Prof. Eusebio Cleto del Rey Biblioteca Prof. Eusebio Cleto del Rey   07/04/2026   336.2 V728 6ed. L69991 07/04/2026 07/04/2026 Libro